Les métamorphoses et autres histoires

Na minha lista:
Detalhes bibliográficos
Autor principal: Bille, Corinna
Formato: Livro
Idioma:Undetermined
Publicado em: Génova, Italia La Joie de Lire 1999
Assuntos:
Tags: Adicionar Tag
Sem tags, seja o primeiro a adicionar uma tag!

MARC

LEADER 00000nam a2200000Ia 4500
008 170316s9999 xx 000 0 und d
090 |a 800-S B-2ma 
100 |a Bille, Corinna 
245 |a Les métamorphoses et autres histoires 
260 |a Génova, Italia 
260 |b La Joie de Lire 
260 |c 1999 
300 |a 228 páginas 
650 |a OTRAS LITERATURAS 
650 |a LITERATURA SUIZA 
650 |a EN IDIOMA FRANCÉS 
650 |a HISTORIAS 
999 |c 19976  |d 19976 
040 |a cru BVZT 
942 |c 15 D  |h 800-S B-2ma  |2 z